<?xml version="1.0" encoding="UTF-8" ?>
<collection xmlns="http://www.loc.gov/MARC21/slim"><record><leader>01471nam a2200325   4500</leader><controlfield tag="001">232375</controlfield><controlfield tag="003">CH-000273-5</controlfield><controlfield tag="005">20260331165626.0</controlfield><datafield tag="020" ind1=" " ind2=" "><subfield code="a">978-3-7533-0943-9</subfield></datafield><datafield tag="040" ind1=" " ind2=" "><subfield code="a">CH-000273-5</subfield><subfield code="b">ger</subfield><subfield code="e">rda</subfield></datafield><datafield tag="041" ind1="0" ind2=" "><subfield code="a">ger</subfield></datafield><datafield tag="100" ind1="1" ind2=" "><subfield code="a">Mujinga, Sandra</subfield><subfield code="d">1989-</subfield><subfield code="e">Künstler</subfield><subfield code="4">art</subfield></datafield><datafield tag="245" ind1="1" ind2="0"><subfield code="a">Sandra Mujinga</subfield><subfield code="b">skin to skin</subfield><subfield code="c">herausgegeben von/edited by Stella Rollig, Rein Wolfs, Axel Köhne ; mit Textbeiträgen von Alexis Pauline Gubs [und 4 weiteren]</subfield></datafield><datafield tag="246" ind1="1" ind2="0"><subfield code="a">Skin to skin</subfield></datafield><datafield tag="264" ind1=" " ind2="1"><subfield code="a">Köln</subfield><subfield code="b">Verlag der Buchhandlung Walther und Franz König</subfield><subfield code="c">[2026]</subfield></datafield><datafield tag="300" ind1=" " ind2=" "><subfield code="a">191 Seiten</subfield><subfield code="c">33 cm</subfield></datafield><datafield tag="336" ind1=" " ind2=" "><subfield code="a">Text</subfield><subfield code="b">txt</subfield><subfield code="2">rdacontent</subfield></datafield><datafield tag="336" ind1=" " ind2=" "><subfield code="a">unbewegtes Bild</subfield><subfield code="b">sti</subfield><subfield code="2">rdacontent</subfield></datafield><datafield tag="337" ind1=" " ind2=" "><subfield code="a">ohne Hilfsmittel zu benutzen</subfield><subfield code="b">n</subfield><subfield code="2">rdamedia</subfield></datafield><datafield tag="338" ind1=" " ind2=" "><subfield code="a">Band</subfield><subfield code="b">nc</subfield><subfield code="2">rdacarrier</subfield></datafield><datafield tag="600" ind1="1" ind2="7"><subfield code="a">Mujinga, Sandra</subfield><subfield code="d">1989-</subfield><subfield code="x">Installation</subfield><subfield code="g">Kunst</subfield><subfield code="x">Plastik</subfield><subfield code="x">Video-Installation</subfield><subfield code="x">Performance</subfield><subfield code="g">Künste</subfield><subfield code="2">gnd</subfield></datafield><datafield tag="655" ind1=" " ind2="7"><subfield code="a">Ausstellungskatalog</subfield><subfield code="x">Stedelijk Museum Amsterdam</subfield><subfield code="y">13.09.2025-11.01.2026</subfield><subfield code="z">Amsterdam</subfield><subfield code="2">gnd-content</subfield></datafield><datafield tag="655" ind1=" " ind2="7"><subfield code="a">Ausstellungskatalog</subfield><subfield code="x">Belvedere 21</subfield><subfield code="y">29.01.2026-31.05.2026</subfield><subfield code="z">Wien</subfield><subfield code="2">gnd-content</subfield></datafield><datafield tag="700" ind1="1" ind2=" "><subfield code="a">Rollig, Stella</subfield><subfield code="d">1960-</subfield><subfield code="e">Herausgeber</subfield><subfield code="4">edt</subfield><subfield code="e">Verfasser</subfield><subfield code="4">aut</subfield></datafield><datafield tag="700" ind1="1" ind2=" "><subfield code="a">Wolfs, Rein</subfield><subfield code="d">1960-</subfield><subfield code="e">Herausgeber</subfield><subfield code="4">edt</subfield><subfield code="e">Verfasser</subfield><subfield code="4">aut</subfield></datafield><datafield tag="700" ind1="1" ind2=" "><subfield code="a">Köhne, Axel</subfield><subfield code="d">1974-</subfield><subfield code="e">Herausgeber</subfield><subfield code="4">edt</subfield></datafield><datafield tag="700" ind1="1" ind2=" "><subfield code="a">Gumbs, Alexis Pauline</subfield><subfield code="d">1982-</subfield><subfield code="e">Verfasser</subfield><subfield code="4">aut</subfield></datafield><datafield tag="710" ind1="2" ind2=" "><subfield code="a">Stedelijk Museum Amsterdam</subfield><subfield code="e">Veranstalter</subfield><subfield code="4">orm</subfield></datafield><datafield tag="710" ind1="2" ind2=" "><subfield code="a">Belvedere 21</subfield><subfield code="e">Veranstalter</subfield><subfield code="4">orm</subfield></datafield><datafield tag="852" ind1="4" ind2=" "><subfield code="a">CH-000273-5</subfield><subfield code="c">D 2026/0072</subfield></datafield></record></collection>